000 00809cam a2200277 i 4500
999 _c6090
_d6090
001 6090
003 BD-JhCC
005 20180101185826.0
008 760805s1976 cau b 000 0 eng
035 _a(BD-JhCC)6090
040 _aDLC
_cDLC
_dDLC
041 _aeng
050 0 0 _aPR6063.A248
_bZ75
082 0 0 _a823/.9/14
_bLEE 1976
100 1 _aLee, Robert A.
245 0 0 _aAlistair MacLean :
_bthe key is fear /
_cRobert A. Lee.
260 _aSan Bernardino, Calif. :
_bBorgo Press,
_c1976.
300 _a252 p. ;
_c21 cm.
490 0 _aPopular writers of today ; v. 2
490 0 _aThe Milford series
504 _aBibliography: p. 59-60.
600 1 0 _aMacLean, Alistair,
_d1922-1987
_xCriticism and interpretation.
650 _aDetective and mystery stories
942 _2ddc
_cBK